000 00353nam a2200145Ia 4500
008 150201s1998 xx 000 0 und d
082 _a610.734
_bF98C
100 _aCOLE, BETH VAUGHAN
245 _aFAMILY NURSING PRACTICE
250 _a1ST
260 _bW.B. SAUNDERS
_aU.S.A.
_c1998
300 _a368
650 _aCOMMUNITy NURSING
942 _2ddc
_cBK
999 _c2255
_d2255